000 00936nam a2200277 i 4500
003 DO-SdBNP
005 20241016130716.0
007 ta
008 241016b1947 ag ||||| |||| 00| 0 spa d
040 _aDO-SdBNP
_bspa
_cBNPHU
_erda
049 _aBNPD
082 4 _axxx
_bM542L, 1947
_222
100 1 _aMenéndez Pidal, Ramón,
_eautor
_4aut.
_942272
245 1 3 _aLa lengua de Cristóbal Colón :
_bEl estilo de Santa Teresa y otros estudios sobre el Siglo XVI/
_cRamón Menéndez Pidal
250 _aTercera edición
264 4 _aBuenos Aires, Argentina :
_bEditora Espasa-Calpe,
_c1947.
300 _a150 páginas ;
_c18 cm.
336 _atexto
_btxt
_2rdacontent
337 _asin mediación
_bn
_2rdamedia
338 _avolumen
_bnc
_2rdacarrier
490 1 _aAustral
500 _aIncluye referencias bibliográficas y notas al pie de las páginas
590 _aInventariado, 2024/BT
910 _aBtavárez
942 _2ddc
_cLBS1
999 _c57880
_d57880